MARC
| LEADER | 00000cam a2200000 7i4500 | ||
|---|---|---|---|
| 001 | 0000002940 | ||
| 002 | 000003183 | ||
| 005 | 20000330.0 | ||
| 020 | |a 9836228837 | ||
| 090 | 0 | 0 | |a 959.51051 |b MOH |
| 100 | 0 | |a Mohamad Isa Othman | |
| 245 | 1 | 0 | |a Pendudukan Jepun di Tanah Melayu 1942-1945(Tumpuan di Negeri Kedah) |c Mohamad Isa Othman |
| 260 | |a Kuala Lumpur : |b DBP , |c 1992 | ||
| 300 | |a 176p. ; |c 20cm. | ||
| 650 | 0 | 0 | |a Malaya |x History |
| 999 | |a 036488 |b BUKU |c MALAYSIANA |e PERPUSTAKAAN KOMUNITI PETALING JAYA | ||